Adventures of Huckleberry Finn / (رقم التسجيلة. 19479)
[ عرض عادي ]
| 000 -الفاتح | |
|---|---|
| حقل البيانات ثابتة الطول | 01124 am a2200325ua 4500 |
| 001 - رقم الضبط | |
| رقم الضبط | 008751926 |
| 003 - محدد رقم الضبط | |
| رقم الضبط | OSt |
| 005 - وقت وتاريخ اخر تعامل مع التسجيلة | |
| رقم الضبط | 20150408113955.0 |
| 008 - عناصر البيانات ثابتة الطول - معلومات عامة | |
| حقل البيانات ثابتة الطول | 111210s1996 enka || 000 1|eng |
| 015 ## - رقم الببليوجرافية الوطنية | |
| رقم الببليوجرافية الوطنية | GBA138037 |
| المصدر | bnb |
| 020 ## - الرقم الدولى المعيارى للكتب | |
| الرقم الدولى المعيارى للكتاب | 9780199733491 |
| 040 ## - مصدر الفهرسة | |
| وكالة الفهرسة الأصلية | DLC |
| وكالة النسخ | DLC |
| وكالة التعديل | Uk |
| 082 04 - رقم تصنيف ديوى العشرى | |
| رقم التصنيف | 823.4 T M A |
| رقم الطبعة | 21 |
| 100 1# - المدخل الرئيسى - إسم شخصى | |
| الإسم الشخصى | Twain, Mark, |
| التواريخ المصاحبة للاسم | 1835-1910. |
| 245 10 - بيان العنوان | |
| العنوان | Adventures of Huckleberry Finn / |
| بيان المسئوليه,etc | Mark Twain ; foreword, Shelley Fisher Fishkin |
| 260 ## - PUBLICATION, DISTRIBUTION, ETC. (IMPRINT) | |
| مكان الناشر او الموزع | Berkeley, Calif. ; |
| -- | London : |
| اسم الناشر او الموزع | University of California Press, |
| تاريخ النشر أو التوزيع | 1996. |
| 300 ## - الوصف المادى | |
| التعداد | 366, 49 p. : |
| تفاصيل ماديه اخرى للوعاء | ill. ; |
| أبعاد الوعاء | 22 cm. |
| 490 1# - بيان السلسلة | |
| عنوان السلسلة | The Mark Twain library |
| 504 ## - تبصرة ببليوجرافية | |
| تبصرة ببليوجرافية,الخ | Includes bibliographical references. |
| 650 #0 - المدخل الاضافى بالموضوع-مصطلح موضوعى | |
| مصطلح موضوعي أو اسم جغرافي كعنصر مدخل | Male friendship |
| التقسيم الفرعي الشكلي | Fiction. |
| 9 (RLIN) | 7475 |
| 650 #0 - المدخل الاضافى بالموضوع-مصطلح موضوعى | |
| مصطلح موضوعي أو اسم جغرافي كعنصر مدخل | Boys |
| التقسيم الفرعي العام | Fiction. |
| 9 (RLIN) | 7476 |
| 650 #0 - المدخل الاضافى بالموضوع-مصطلح موضوعى | |
| مصطلح موضوعي أو اسم جغرافي كعنصر مدخل | Finn, Huckleberry (Fictitious character) |
| التقسيم الفرعي الشكلي | Fiction. |
| 9 (RLIN) | 7477 |
| 650 #0 - المدخل الاضافى بالموضوع-مصطلح موضوعى | |
| مصطلح موضوعي أو اسم جغرافي كعنصر مدخل | Fugitive slaves |
| التقسيم الفرعي الشكلي | Fiction. |
| 9 (RLIN) | 7478 |
| 651 #0 - المدخل الاضافى بالموضوع - اسم جغرافى | |
| الاسم الجغرافي | Missouri |
| التقسيم الفرعي الشكلي | Fiction. |
| 9 (RLIN) | 7016 |
| 651 #0 - المدخل الاضافى بالموضوع - اسم جغرافى | |
| الاسم الجغرافي | Mississippi River |
| التقسيم الفرعي الشكلي | Fiction. |
| 9 (RLIN) | 7479 |
| 700 1# - المدخل الاضافى - اسم شخصى | |
| الإسم الشخصى | Fishkin,Shelley Fisher |
| 9 (RLIN) | 7480 |
| 830 #4 - المدخل الاضافى بالسلسلة -عنوان موحد | |
| عنوان موحد | The Mark Twain library |
| 9 (RLIN) | 7481 |
| 942 ## - عناصر المدخل الإضافي( كوها) | |
| مصدر التصنيف او مخطط الترفيف | Dewey Decimal Classification |
| Koha [default] item type | DVD |
| حالة الفقد | نموذج السعر الفعال | حالة تلف | ليس للاعارة | رقم الطلب | تاريخ الاكتساب | الموقع الحالي | الباركود | الفرع الرئيسي | Date last seen | نوع المادة فى نظام كوها | مصدر التصنيف او خطة الترفيف | Total Checkouts |
|---|---|---|---|---|---|---|---|---|---|---|---|---|
| 2013-03-10 | 823.4 T M A | 2011-12-10 | قسم الاجراءات الفنية (IC) | 00100934 | قسم الاجراءات الفنية (IC) | 2013-03-10 | كتاب | Dewey Decimal Classification | ||||
| 2013-03-10 | 823.4 T M A | 2011-12-10 | قسم الاجراءات الفنية (IC) | 00100933 | قسم الاجراءات الفنية (IC) | 2013-03-10 | كتاب | Dewey Decimal Classification |
